[Event "XIV MIEDZYNARODOWY FESTIWAL SZACHOWY PER"]
[Site "LAZY"]
[Date "2018.06.27"]
[Round "4.5"]
[White "Czarniecka, Aleksandra"]
[Black "Krainski, Slawomir"]
[Result "0-1"]
[WhiteElo "1983"]
[BlackElo "2136"]
[PlyCount "124"]
[EventDate "2018.??.??"]

1. e4 e6 2. d4 d5 3. Nd2 c5 4. exd5 Qxd5 5. Ngf3 cxd4 6. Bc4 Qd6 7. O-O Nf6 8.
Nb3 Nc6 9. Nbxd4 Nxd4 10. Nxd4 a6 11. a4 Qc7 12. b3 Bd6 13. Nf3 Bd7 14. Ba3
Bxa3 15. Rxa3 Bc6 16. Qe2 Ng4 17. g3 O-O-O 18. b4 Bxf3 19. Rxf3 Ne5 20. Rf4 Kb8
21. b5 a5 22. Re4 Nd7 23. Rg4 g6 24. Bb3 Nc5 25. Rd1 Rxd1+ 26. Qxd1 Rd8 27. Rd4
Rxd4 28. Qxd4 h5 29. Qf6 b6 30. Qh8+ Kb7 31. Qf6 Qd7 32. Kg2 Kc8 33. Qh8+ Qd8
34. Qc3 Kd7 35. Qd4+ Ke7 36. Qh4+ f6 37. Qf4 g5 38. Qe3 Qa8+ 39. Kg1 Qe4 40.
Qc3 Qe2 41. Kg2 Qxf2+ 42. Kxf2 Ne4+ 43. Ke3 Nxc3 44. Kd3 Nd5 45. c4 Nc7 46. Kd4
Kd6 47. h4 gxh4 48. gxh4 e5+ 49. Ke4 Ne6 50. Bd1 Ng7 51. Be2 f5+ 52. Ke3 Kc5
53. Kd3 Ne6 54. Kc3 Nf4 55. Bf1 Ng6 56. Be2 Nxh4 57. Bxh5 e4 58. Bf7 Nf3 59.
Bd5 Nd4 60. Kd2 f4 61. Ke1 e3 62. Kf1 f3 0-1

[Event "XIV MIEDZYNARODOWY FESTIWAL SZACHOWY PER"]
[Site "LAZY"]
[Date "2018.06.27"]
[Round "4.6"]
[White "Oborski, Artur"]
[Black "Majek, Kacper"]
[Result "1/2-1/2"]
[WhiteElo "1801"]
[BlackElo "2034"]
[PlyCount "104"]
[EventDate "2018.??.??"]

1. d4 d5 2. c4 c6 3. Nf3 Nf6 4. Nc3 dxc4 5. a4 Bf5 6. Ne5 Nbd7 7. Nxc4 Nb6 8.
Ne5 a5 9. f3 Nfd7 10. Nxd7 Qxd7 11. e4 Bg6 12. Be3 Qc7 13. Be2 e6 14. O-O Bb4
15. Qb3 O-O 16. Rfd1 Rfd8 17. Na2 Bd6 18. g3 Nd7 19. Rac1 Rac8 20. Kg2 Re8 21.
Nc3 e5 22. dxe5 Bxe5 23. Nb5 Qd8 24. Nd6 Bxd6 25. Rxd6 Qe7 26. Rcd1 Ne5 27. Bb6
c5 28. Qc3 c4 29. R6d5 f5 30. f4 Nd3 31. e5 Bf7 32. Rd4 Rc6 33. Bxa5 Qc5 34.
Bxd3 cxd3 35. Qxc5 Rxc5 36. Bc3 Bd5+ 37. Kf2 Be4 38. Ra1 Rec8 39. g4 Rc4 40.
Rxc4 Rxc4 41. h3 Kf7 42. a5 Rc6 43. Ra4 Ke7 44. Rb4 Rc7 45. Rb6 Rd7 46. Bb4+
Ke8 47. Rd6 g6 48. Rxd7 Kxd7 49. Ke3 Ke6 50. gxf5+ Bxf5 51. Kd4 Bxh3 52. Kxd3
Kd5 1/2-1/2

[Event "XIV MIEDZYNARODOWY FESTIWAL SZACHOWY PER"]
[Site "LAZY"]
[Date "2018.06.27"]
[Round "4.7"]
[White "Kot, Jerzy"]
[Black "Sypien, Natan"]
[Result "1-0"]
[WhiteElo "2028"]
[BlackElo "1774"]
[PlyCount "55"]
[EventDate "2018.??.??"]

1. g3 d5 2. Bg2 e5 3. c4 dxc4 4. Qa4+ c6 5. Qxc4 Be6 6. Qc3 Nd7 7. Nf3 Qc7 8.
O-O Ngf6 9. d4 exd4 10. Nxd4 Bg4 11. h3 Bh5 12. Bf4 Bd6 13. Nb5 cxb5 14. Qxc7
Bxc7 15. Bxc7 Rc8 16. Bd6 Nb8 17. Bxb7 Rd8 18. Bb4 Nd5 19. Bxd5 Rxd5 20. Nc3
Rd2 21. Nxb5 Rxb2 22. a3 Bxe2 23. Rfe1 Kd7 24. Nd4 Bh5 25. g4 Bg6 26. Re7+ Kd8
27. Rxa7 Re8 28. Ba5+ 1-0

[Event "XIV MIEDZYNARODOWY FESTIWAL SZACHOWY PER"]
[Site "LAZY"]
[Date "2018.06.27"]
[Round "4.8"]
[White "Syrkiewicz, Michal"]
[Black "Hilarecki, Grzegorz"]
[Result "0-1"]
[WhiteElo "1799"]
[BlackElo "2023"]
[PlyCount "110"]
[EventDate "2018.??.??"]

1. e4 d5 2. exd5 Qxd5 3. Nc3 Qa5 4. d4 Nf6 5. Bc4 Bg4 6. f3 Bf5 7. Nge2 Nc6 8.
a3 O-O-O 9. Be3 e5 10. d5 Bc5 11. b4 Nxb4 12. axb4 Qxb4 13. Bxc5 Qxc5 14. Bb3
c6 15. Qc1 cxd5 16. Qa3 Qxa3 17. Rxa3 a6 18. Ng3 Bg6 19. O-O Rhe8 20. Ra5 d4
21. Nce4 Nxe4 22. fxe4 f6 23. Bc4 Re7 24. Rb1 Rd6 25. h4 h6 26. Bd3 Rc6 27. Nf1
Rec7 28. Rb2 Bf7 29. Nd2 Rc3 30. Nb1 R3c5 31. Rxc5 Rxc5 32. Nd2 Kc7 33. Kf2 b5
34. Nb3 Rc3 35. Ke2 Kb6 36. Nc1 Kc5 37. Kd2 Ra3 38. Nb3+ Kc6 39. Kc1 a5 40. Nd2
b4 41. Rb1 Be6 42. Nf1 Kc5 43. Ng3 Bc4 44. Bxc4 Kxc4 45. Nf5 a4 46. Nd6+ Kc5
47. Nf5 g6 48. Nxh6 Rg3 49. Ng8 f5 50. Nf6 Rxg2 51. exf5 gxf5 52. h5 a3 53. Rb3
Rg1+ 54. Kd2 a2 55. Nd7+ Kd6 0-1

[Event "XIV MIEDZYNARODOWY FESTIWAL SZACHOWY PER"]
[Site "LAZY"]
[Date "2018.06.27"]
[Round "4.9"]
[White "Jarocka, Liwia"]
[Black "Kruczynski, Marek"]
[Result "1/2-1/2"]
[WhiteElo "1984"]
[BlackElo "1731"]
[PlyCount "92"]
[EventDate "2018.??.??"]

1. e4 b6 2. d4 Bb7 3. Bd3 Nf6 4. Nd2 e6 5. Ngf3 c5 6. c3 cxd4 7. cxd4 d5 8. e5
Nfd7 9. O-O Be7 10. Re1 O-O 11. Nf1 Re8 12. Ng3 g6 13. Qd2 Nf8 14. Qh6 Ba6 15.
Bb1 Nbd7 16. Ng5 f5 17. exf6 Nxf6 18. Bf4 Rc8 19. a3 Bd6 20. Be5 Bxe5 21. dxe5
Ng4 22. Qh4 Rc4 23. Bd3 Nxe5 24. Bxc4 Nxc4 25. Qf4 Qe7 26. b3 Nd6 27. Nf3 Nd7
28. Ne5 Nxe5 29. Qxe5 Nf7 30. Qd4 Bb7 31. f4 Nd8 32. b4 Nc6 33. Qf2 Qf6 34.
Rad1 Re7 35. Ne2 Ba6 36. Nd4 Nxd4 37. Qxd4 Qxd4+ 38. Rxd4 Bc4 39. Kf2 Kf7 40.
Re3 b5 41. Ke1 a5 42. bxa5 Ra7 43. Rc3 Rxa5 44. Re3 Ke7 45. Rd2 Kd6 46. g4 Ra7
1/2-1/2

[Event "XIV MIEDZYNARODOWY FESTIWAL SZACHOWY PER"]
[Site "LAZY"]
[Date "2018.06.27"]
[Round "4.10"]
[White "Siembab, Bartosz"]
[Black "Zabron, Maksym"]
[Result "1-0"]
[WhiteElo "2136"]
[BlackElo "1694"]
[PlyCount "103"]
[EventDate "2018.??.??"]

1. d4 Nf6 2. Nf3 g6 3. g3 Bg7 4. Bg2 O-O 5. O-O d5 6. c3 Re8 7. Bf4 c6 8. Qc1
Nfd7 9. Nbd2 f6 10. e4 e5 11. dxe5 fxe5 12. Bg5 Nf6 13. exd5 cxd5 14. Nb3 Nc6
15. Rd1 Qd6 16. Qe3 b6 17. Bxf6 Bxf6 18. c4 Nb4 19. Ne1 Bb7 20. a3 Na6 21.
Bxd5+ Bxd5 22. Rxd5 Qe7 23. Rad1 Rad8 24. Qd3 Nc7 25. Rxd8 Rxd8 26. Qxd8+ Qxd8
27. Rxd8+ Bxd8 28. Nd3 Bf6 29. f3 Kf7 30. Nd2 Ke7 31. Ne4 Bg7 32. Nb4 Kd7 33.
Nd5 Nxd5 34. cxd5 a5 35. a4 Bh6 36. b3 Be3+ 37. Kf1 h6 38. Ke2 Bd4 39. Kd3 Bg1
40. h3 Ke7 41. Nd2 Bf2 42. g4 g5 43. Ke4 Kf6 44. Nf1 Bd4 45. Ng3 Bc5 46. Nf5
Bf8 47. Kd3 h5 48. Kc4 hxg4 49. hxg4 Bc5 50. Kb5 Kf7 51. Kc6 Ke8 52. Kc7 1-0

[Event "XIV MIEDZYNARODOWY FESTIWAL SZACHOWY PER"]
[Site "LAZY"]
[Date "2018.06.27"]
[Round "4.11"]
[White "Stachanczyk, Jacek"]
[Black "Buchta, Agnieszka"]
[Result "1/2-1/2"]
[WhiteElo "2223"]
[BlackElo "1810"]
[PlyCount "49"]
[EventDate "2018.??.??"]

1. e4 e5 2. Nf3 Nc6 3. d4 exd4 4. Nxd4 Nf6 5. Nxc6 bxc6 6. e5 Qe7 7. Qe2 Nd5 8.
c4 Ba6 9. g3 g6 10. b3 Bg7 11. Bb2 O-O 12. Bg2 Rfe8 13. O-O Bxe5 14. Qxe5 Qxe5
15. Bxe5 Rxe5 16. cxd5 Bxf1 17. Kxf1 cxd5 18. Nc3 c6 19. Rd1 Rae8 20. Bf3 Kf8
21. Be2 Ke7 22. Rd4 Kd6 23. Ra4 Kc5 24. Rxa7 Kb4 25. Na4 1/2-1/2

[Event "XIV MIEDZYNARODOWY FESTIWAL SZACHOWY PER"]
[Site "LAZY"]
[Date "2018.06.27"]
[Round "4.12"]
[White "Majewski, Krzysztof"]
[Black "Hrymowicz, Artur"]
[Result "0-1"]
[WhiteElo "1695"]
[BlackElo "2123"]
[PlyCount "94"]
[EventDate "2018.??.??"]

1. e4 c5 2. c4 Nc6 3. Nc3 e5 4. g3 d6 5. Bg2 g6 6. Nge2 Bg7 7. O-O Nge7 8. d3
O-O 9. f4 Nd4 10. Nxd4 cxd4 11. Nd5 h6 12. fxe5 dxe5 13. Bd2 Nxd5 14. cxd5 Qb6
15. b4 Bd7 16. Qb3 Rac8 17. a4 a6 18. Rac1 f5 19. Rxc8 Rxc8 20. Rc1 Rxc1+ 21.
Bxc1 Bf8 22. Bd2 Kg7 23. a5 Qf6 24. Qc4 Bd6 25. Qc1 f4 26. Qf1 g5 27. gxf4 exf4
28. h3 h5 29. Bf3 g4 30. hxg4 hxg4 31. Qg2 Qg6 32. Bd1 Be5 33. Qh2 Qg5 34. Bc1
Kg6 35. Bd2 g3 36. Qg2 Bg4 37. Ba4 Qh4 38. Qh1 Qxh1+ 39. Kxh1 Be2 40. Be8+ Kg5
41. b5 Kh4 42. Bb4 f3 43. Be7+ Kg4 44. d6 f2 45. Bd7+ Kf4 46. Bh3 Bf3+ 47. Bg2
f1=Q# 0-1

[Event "XIV MIEDZYNARODOWY FESTIWAL SZACHOWY PER"]
[Site "LAZY"]
[Date "2018.06.27"]
[Round "4.13"]
[White "Wacior, Maciej"]
[Black "Zarebska, Lena"]
[Result "1-0"]
[WhiteElo "2110"]
[BlackElo "1817"]
[PlyCount "139"]
[EventDate "2018.??.??"]

1. d4 Nf6 2. Nf3 g6 3. Bf4 Bg7 4. h3 O-O 5. e3 d6 6. Bc4 Nbd7 7. O-O c5 8. c3
a6 9. a4 b6 10. Nbd2 Bb7 11. Bh2 Ra7 12. Re1 Qa8 13. Qb3 h6 14. Nh4 d5 15. Bf1
c4 16. Qc2 b5 17. b3 Re8 18. Qb2 cxb3 19. axb5 axb5 20. Bxb5 Ra2 21. Rxa2 Qxa2
22. Rb1 Rc8 23. c4 dxc4 24. Bxc4 Ne4 25. Nhf3 Nb6 26. Qxb3 Qxb3 27. Bxb3 Nxd2
28. Nxd2 Ba6 29. Bg3 Nc4 30. Bxc4 Bxc4 31. Nxc4 Rxc4 32. Rb8+ Kh7 33. Rb7 Bf6
34. Be5 Bg5 35. g3 Rc1+ 36. Kg2 Rc2 37. Kf3 Rc6 38. Ke4 f6 39. Bf4 Bxf4 40.
Rxe7+ Kg8 41. Kxf4 Rc2 42. Kf3 Rd2 43. g4 Ra2 44. h4 Ra5 45. Kf4 Kf8 46. Rb7
Ra2 47. f3 Rh2 48. Kg3 Re2 49. e4 Rd2 50. d5 Rd1 51. Rh7 Kg8 52. Rxh6 Kg7 53.
g5 Rd2 54. h5 gxh5 55. Rxf6 Rd1 56. Rh6 Rh1 57. d6 Rd1 58. e5 Rd5 59. Kf4 Rd4+
60. Kf5 h4 61. f4 Rd3 62. Rxh4 Rd2 63. g6 Rd4 64. Rh7+ Kg8 65. Rb7 Ra4 66. d7
Ra8 67. e6 Rf8+ 68. Ke5 Ra8 69. g7 Kxg7 70. d8=Q+ 1-0

[Event "XIV MIEDZYNARODOWY FESTIWAL SZACHOWY PER"]
[Site "LAZY"]
[Date "2018.06.27"]
[Round "4.14"]
[White "Luczak, Filip"]
[Black "Trybus, Daniel"]
[Result "1-0"]
[WhiteElo "2044"]
[BlackElo "1793"]
[PlyCount "63"]
[EventDate "2018.??.??"]

1. Nf3 Nf6 2. g3 g6 3. Bg2 Bg7 4. O-O O-O 5. d4 d6 6. Nc3 Nbd7 7. e4 e5 8. h3
Qe7 9. Re1 exd4 10. Nxd4 Nc5 11. Bg5 Qd7 12. Qf3 Ne6 13. Be3 Qe7 14. Rad1 Nd7
15. Nd5 Qd8 16. Qe2 Nb6 17. c4 Re8 18. Nb5 Na4 19. b3 Nb2 20. Rd2 c6 21. Nxd6
cxd5 22. Nxe8 Bc3 23. cxd5 Nf8 24. Rxb2 Qxe8 25. Rc1 Bxb2 26. Qxb2 Nd7 27. Bd4
Qf8 28. e5 Nb6 29. Re1 Bf5 30. g4 Bd3 31. Qc3 Bb5 32. a4 1-0

[Event "XIV MIEDZYNARODOWY FESTIWAL SZACHOWY PER"]
[Site "LAZY"]
[Date "2018.06.27"]
[Round "4.15"]
[White "Dytman, Radoslaw"]
[Black "Niedbala, Bartlomiej"]
[Result "0-1"]
[WhiteElo "1722"]
[BlackElo "1977"]
[PlyCount "52"]
[EventDate "2018.??.??"]

1. e4 c5 2. Nf3 d6 3. d4 cxd4 4. Nxd4 Nf6 5. Nc3 g6 6. f4 Nc6 7. Be2 Nxd4 8.
Qxd4 Bg7 9. Be3 O-O 10. Qd3 Qa5 11. O-O-O Be6 12. Kb1 Rfc8 13. Bf3 Bc4 14. Qd2
Nxe4 15. Bxe4 Bxc3 16. Qxc3 Bxa2+ 17. Kc1 Rxc3 18. bxc3 Qxc3 19. Bd4 Qa3+ 20.
Kd2 e5 21. Bc3 Rc8 22. Ba1 f5 23. Bf3 Qb4+ 24. Ke2 e4 25. c3 exf3+ 26. Kxf3
Qe4+ 0-1

[Event "XIV MIEDZYNARODOWY FESTIWAL SZACHOWY PER"]
[Site "LAZY"]
[Date "2018.06.27"]
[Round "4.16"]
[White "Majocha, Piotr"]
[Black "Zelak, Wladyslaw"]
[Result "1-0"]
[WhiteElo "1902"]
[BlackElo "1779"]
[PlyCount "99"]
[EventDate "2018.??.??"]

1. c4 Nf6 2. Nc3 g6 3. g3 Bg7 4. Bg2 O-O 5. Nf3 d6 6. O-O e5 7. d3 Nc6 8. Rb1
a5 9. a3 Nh5 10. b4 f5 11. Nd5 h6 12. e3 Nf6 13. Ne1 axb4 14. axb4 Nxd5 15.
Bxd5+ Kh8 16. Nc2 Ne7 17. Bg2 g5 18. f4 g4 19. fxe5 dxe5 20. d4 e4 21. b5 Ng6
22. Bb2 c6 23. Ba3 Rf6 24. bxc6 bxc6 25. Bc5 Be6 26. Na3 Bf8 27. Qb3 Bxc5 28.
dxc5 Qa5 29. Qb2 Kg7 30. Nc2 Qa2 31. Qc3 Re8 32. Rb7+ Re7 33. Rxe7+ Nxe7 34.
Na3 Qe2 35. Bxe4 Qxf1+ 36. Kxf1 fxe4+ 37. Kg2 Ng6 38. Nc2 Kf7 39. Qd4 Bf5 40.
Nb4 h5 41. Nxc6 h4 42. Ne5+ Kg7 43. Nxg6 h3+ 44. Kg1 Kxg6 45. Qa1 Be6 46. c6
Bxc4 47. c7 Ra6 48. Qd4 Be6 49. Qxe4+ Kg5 50. Qe5+ 1-0

[Event "XIV MIEDZYNARODOWY FESTIWAL SZACHOWY PER"]
[Site "LAZY"]
[Date "2018.06.27"]
[Round "4.17"]
[White "Wojdak, Jan"]
[Black "Grzesik, Gracjan"]
[Result "0-1"]
[WhiteElo "1712"]
[BlackElo "1884"]
[PlyCount "60"]
[EventDate "2018.??.??"]

1. e4 c5 2. Nf3 d6 3. d4 cxd4 4. Nxd4 Nf6 5. Nc3 a6 6. Be2 e5 7. Nb3 Be6 8. O-O
Be7 9. Re1 O-O 10. Bf3 Nbd7 11. a4 b6 12. Be3 Qc7 13. Nd2 Rfe8 14. Nf1 Nc5 15.
Ng3 Qc6 16. Bg5 Ncd7 17. Nf5 Bf8 18. Ne3 h6 19. Bh4 b5 20. axb5 axb5 21. Rxa8
Rxa8 22. Ned5 Bxd5 23. exd5 Qc5 24. Ne4 Nxe4 25. Bxe4 Qb4 26. Qb1 Nc5 27. c3
Qc4 28. g4 Nxe4 29. Qxe4 Qb3 30. g5 Ra4 0-1

[Event "XIV MIEDZYNARODOWY FESTIWAL SZACHOWY PER"]
[Site "LAZY"]
[Date "2018.06.27"]
[Round "4.18"]
[White "Hasterok, Mateusz"]
[Black "Szydelko, Michal"]
[Result "1-0"]
[WhiteElo "1837"]
[BlackElo "1713"]
[PlyCount "85"]
[EventDate "2018.??.??"]

1. d4 d5 2. c4 e6 3. Nc3 Nf6 4. Bf4 Be7 5. e3 O-O 6. c5 c6 7. h3 Nbd7 8. Nf3
Re8 9. Be2 Ne4 10. O-O Nxc3 11. bxc3 b6 12. cxb6 axb6 13. Qc2 Ba6 14. c4 Nf6
15. Rfc1 c5 16. Rab1 Bd6 17. Bg5 Be7 18. Qb3 Bxc4 19. Bxc4 dxc4 20. Qxc4 Nd7
21. Bxe7 Qxe7 22. dxc5 bxc5 23. Rb7 Rab8 24. Rcb1 Rxb7 25. Rxb7 Rb8 26. Rxb8+
Nxb8 27. Qb5 Qd6 28. Ne5 g6 29. Nc4 Qc7 30. a4 Kg7 31. a5 Qa7 32. Kf1 Qa6 33.
Qxc5 Nd7 34. Qd4+ e5 35. Qc3 Qb5 36. Kg1 f6 37. Nd6 Qc5 38. Qxc5 Nxc5 39. Ne8+
Kf7 40. Nc7 Ke7 41. a6 Nd7 42. a7 Nb6 43. Nd5+ 1-0

[Event "XIV MIEDZYNARODOWY FESTIWAL SZACHOWY PER"]
[Site "LAZY"]
[Date "2018.06.27"]
[Round "4.19"]
[White "Koloczek, Maciej"]
[Black "Daliga, Anita"]
[Result "1/2-1/2"]
[WhiteElo "1961"]
[BlackElo "1605"]
[PlyCount "57"]
[EventDate "2018.??.??"]

1. e4 c6 2. d3 d5 3. Nd2 e5 4. Ngf3 Bd6 5. g3 Nf6 6. Bg2 Nbd7 7. O-O Nf8 8. c3
Ng6 9. Re1 dxe4 10. dxe4 Qe7 11. Nc4 Bc7 12. Bg5 h6 13. Bxf6 Qxf6 14. Ne3 O-O
15. h4 Rd8 16. Qe2 Be6 17. Kh2 Qe7 18. h5 Nf8 19. Nh4 Nh7 20. Bh3 Bxh3 21. Kxh3
Ng5+ 22. Kg2 Bb6 23. Nc4 Qe6 24. Nf5 Bc7 25. b3 Kh7 26. Rh1 Rd7 27. Rad1 Rad8
28. Rxd7 Qxd7 29. Nh4 1/2-1/2

[Event "XIV MIEDZYNARODOWY FESTIWAL SZACHOWY PER"]
[Site "LAZY"]
[Date "2018.06.27"]
[Round "4.20"]
[White "Podgorski, Maciej"]
[Black "Rogala, Milosz"]
[Result "0-1"]
[WhiteElo "1852"]
[BlackElo "1707"]
[PlyCount "126"]
[EventDate "2018.??.??"]

1. e4 c6 2. d4 d5 3. e5 Bf5 4. Nc3 e6 5. g4 Bg6 6. Nge2 f6 7. Nf4 Bf7 8. Nd3
Nd7 9. Bf4 Qe7 10. Qe2 h5 11. Bh3 hxg4 12. Bxg4 f5 13. Bf3 g5 14. Bd2 Bh6 15.
O-O-O O-O-O 16. Na4 Qe8 17. Ndc5 Nb6 18. Qd3 Nc4 19. Qb3 Qe7 20. Be2 Nxd2 21.
Kxd2 g4+ 22. Ke1 Bf4 23. Ba6 bxa6 24. Nb6+ axb6 25. Qxb6 Qc7 26. Qxa6+ Kb8 27.
Rd3 Rh3 28. Ra3 Rxa3 29. bxa3 Ne7 30. Ke2 Qa7 31. Rb1+ Ka8 32. Qxa7+ Kxa7 33.
Rb7+ Ka8 34. Rxe7 Bg8 35. Rc7 Bxh2 36. Na6 f4 37. Nb4 Kb8 38. Rg7 Rc8 39. Rxg4
Rf8 40. Rh4 f3+ 41. Ke3 Bg3 42. Rg4 Bh2 43. Nxc6+ Kc7 44. Ne7 Bf7 45. Rg7 Kd8
46. Nc6+ Ke8 47. Rh7 Bf4+ 48. Kxf3 Bxe5 49. Kg4 Bd6 50. a4 Bg6 51. Rg7 Bxc2 52.
a5 Bd1+ 53. Kh4 Be2 54. Kg5 Rxf2 55. Rh7 Bd3 56. Rh8+ Kf7 57. Nd8+ Kg7 58. Re8
Rg2+ 59. Kh4 Bf5 60. a6 Rxa2 61. Nc6 Rxa6 62. Rc8 Kf6 63. Nd8 Ra3 0-1

[Event "XIV MIEDZYNARODOWY FESTIWAL SZACHOWY PER"]
[Site "LAZY"]
[Date "2018.06.27"]
[Round "4.21"]
[White "Madej, Marek"]
[Black "Krzywnicka, Maria"]
[Result "1-0"]
[WhiteElo "1786"]
[BlackElo "1845"]
[PlyCount "97"]
[EventDate "2018.??.??"]

1. e4 c5 2. Nf3 d6 3. d4 cxd4 4. Nxd4 Nf6 5. f3 a6 6. c4 e6 7. Nc3 Be7 8. Be3
O-O 9. Be2 Nbd7 10. O-O Qc7 11. Rc1 b6 12. Qd2 Bb7 13. b4 Rac8 14. Rc2 Rfd8 15.
Rb1 Ne5 16. a4 Qb8 17. Na2 Ba8 18. Qc1 Nxe4 19. fxe4 Bxe4 20. b5 axb5 21. axb5
Qb7 22. Nc6 Nxc6 23. bxc6 Qxc6 24. Nb4 Qb7 25. Bd3 d5 26. Bxe4 dxe4 27. Qf1 Bc5
28. Qf2 Qe7 29. Na6 Qd7 30. Nxc5 bxc5 31. Rd2 Qa4 32. Rxd8+ Rxd8 33. Qd2 Qa8
34. Qc2 f5 35. Bxc5 f4 36. Bb6 Rf8 37. c5 f3 38. c6 Qa6 39. Qxe4 fxg2 40. Qxg2
Qd3 41. Rf1 Rxf1+ 42. Qxf1 Qd6 43. Qc4 Qd1+ 44. Kg2 Qd2+ 45. Bf2 Qg5+ 46. Kf1
Qf5 47. c7 Qb1+ 48. Kg2 Qg6+ 49. Bg3 1-0

[Event "XIV MIEDZYNARODOWY FESTIWAL SZACHOWY PER"]
[Site "LAZY"]
[Date "2018.06.27"]
[Round "4.22"]
[White "Wojtas, Julia"]
[Black "Karwacki, Piotr"]
[Result "0-1"]
[WhiteElo "1483"]
[BlackElo "1828"]
[PlyCount "74"]
[EventDate "2018.??.??"]

1. e4 c5 2. Ne2 Nf6 3. Nbc3 d6 4. f4 Nc6 5. g3 Bg4 6. Bg2 h5 7. h3 Bd7 8. d3
Qb6 9. Be3 Nd4 10. Rb1 Rc8 11. e5 Bc6 12. Ne4 Nxe4 13. dxe4 Nxe2 14. Qxe2 Qa5+
15. c3 Qxa2 16. O-O a6 17. Bf3 Bb5 18. Qd1 Bxf1 19. Kxf1 dxe5 20. fxe5 Qe6 21.
Kg2 g6 22. Qd5 Qxd5 23. exd5 Bh6 24. Bxh6 Rxh6 25. d6 exd6 26. exd6 Rd8 27. Rd1
g5 28. Bxb7 Rhxd6 29. Rxd6 Rxd6 30. h4 gxh4 31. gxh4 Rb6 32. Bf3 Rxb2+ 33. Kf1
Rh2 34. Bxh5 Rxh4 35. Be2 a5 36. Bb5+ Ke7 37. Ke2 a4 0-1

[Event "XIV MIEDZYNARODOWY FESTIWAL SZACHOWY PER"]
[Site "LAZY"]
[Date "2018.06.27"]
[Round "4.23"]
[White "Pluta, Natalia"]
[Black "Hertlein, Irena"]
[Result "1-0"]
[WhiteElo "1826"]
[BlackElo "1531"]
[PlyCount "55"]
[EventDate "2018.??.??"]

1. c4 e6 2. g3 d5 3. cxd5 exd5 4. Bg2 Nf6 5. Nf3 c5 6. d4 Nc6 7. Nc3 Be7 8. O-O
O-O 9. Bg5 c4 10. Re1 h6 11. Bf4 Bf5 12. b3 Bb4 13. Bd2 Bxc3 14. Bxc3 Ne4 15.
Qc1 b5 16. bxc4 bxc4 17. Nd2 Re8 18. f3 Nxc3 19. Qxc3 Bg6 20. Rad1 Qf6 21. Nf1
Rad8 22. Ne3 h5 23. Rd2 Qe6 24. Nd1 Qf6 25. Nf2 Re7 26. e3 Bh7 27. Red1 Red7
28. Nh3 1-0

[Event "XIV MIEDZYNARODOWY FESTIWAL SZACHOWY PER"]
[Site "LAZY"]
[Date "2018.06.27"]
[Round "4.25"]
[White "Kurcaba, Lukasz"]
[Black "Kindler, Karolina"]
[Result "0-1"]
[WhiteElo "1619"]
[BlackElo "1784"]
[PlyCount "116"]
[EventDate "2018.??.??"]

1. e4 c5 2. Nf3 e6 3. d4 cxd4 4. Nxd4 Nf6 5. Bd3 Nc6 6. Be3 Qa5+ 7. c3 Ne5 8.
O-O a6 9. h3 b5 10. f4 Nxd3 11. Qxd3 Bb7 12. Nd2 Qd8 13. e5 Nh5 14. f5 Bc5 15.
Kh2 Qh4 16. N4f3 Qg3+ 17. Kh1 Bxe3 18. Qxe3 Nf4 19. Qf2 Qxf2 20. Rxf2 Nd3 21.
Rff1 Nxb2 22. Rab1 Nd3 23. fxe6 dxe6 24. c4 Bxf3 25. gxf3 Nxe5 26. cxb5 axb5
27. Rxb5 Nd7 28. Ra1 Ke7 29. a4 Rhb8 30. Rg5 g6 31. Ne4 f5 32. Nd2 Nc5 33. a5
Rb5 34. Nc4 Rb4 35. Nd2 Ra6 36. Rg2 Nb7 37. Rc1 Kd8 38. Nc4 Rc6 39. Rd2+ Ke7
40. Rdc2 Rb5 41. Kg2 Rbc5 42. a6 Rxa6 43. Ne5 Rxe5 44. Rc7+ Kf6 45. Rxb7 Ra2+
46. Kg1 h5 47. Rb4 Ree2 48. h4 Rf2 49. Rb3 Rg2+ 50. Kf1 Raf2+ 51. Ke1 g5 52.
hxg5+ Kxg5 53. Rc6 Rc2 54. Rxc2 Rxc2 55. Re3 h4 56. Rxe6 h3 57. Re8 h2 58. Rh8
Rc1+ 0-1

[Event "XIV MIEDZYNARODOWY FESTIWAL SZACHOWY PER"]
[Site "LAZY"]
[Date "2018.06.27"]
[Round "4.26"]
[White "Topola, Rafal"]
[Black "Luberanski, Jakub"]
[Result "0-1"]
[WhiteElo "1570"]
[BlackElo "1762"]
[PlyCount "172"]
[EventDate "2018.??.??"]

1. e4 e5 2. Nf3 Nc6 3. Bc4 Bc5 4. d3 Nf6 5. O-O d6 6. h3 O-O 7. c3 a6 8. Bb3 h6
9. Re1 Ba7 10. Nbd2 b5 11. Nf1 Ne7 12. a4 Ng6 13. d4 Re8 14. d5 Bd7 15. Ng3 Qb8
16. Qc2 Qb7 17. Bd2 Rad8 18. axb5 axb5 19. c4 bxc4 20. Bxc4 Bc5 21. b4 Bb6 22.
Ba6 Qa7 23. Bd3 Qb7 24. Ba6 Qa7 25. Bd3 Qb8 26. Ba6 Ne7 27. Be3 Bxe3 28. Rxe3
c6 29. dxc6 Nxc6 30. b5 Ne7 31. Rc3 d5 32. Rc7 dxe4 33. Nxe5 Ned5 34. Nxd7 Qxc7
35. Qxc7 Nxc7 36. Nxf6+ gxf6 37. Re1 Nxa6 38. bxa6 Ra8 39. Rxe4 Rxe4 40. Nxe4
Rxa6 41. g3 f5 42. Nc5 Ra3 43. Nd7 Kg7 44. h4 Rd3 45. Ne5 Rc3 46. Kg2 Kf6 47.
Nf3 Rd3 48. Ng1 Ke5 49. Ne2 Ke4 50. Nf4 Rd2 51. Nh3 Kd3 52. Nf4+ Ke4 53. Nh3
Kd3 54. Nf4+ Kc2 55. Kf1 Kd1 56. Nh3 Re2 57. Nf4 Re1+ 58. Kg2 Re4 59. Nh3 Kd2
60. Kf3 Kd3 61. Nf4+ Kd4 62. Nh3 Ke5 63. Kg2 f4 64. Kf3 fxg3 65. fxg3 Ra4 66.
Nf2 Ra3+ 67. Kg2 f5 68. Nh3 Ke4 69. Nf4 Ra2+ 70. Kh3 Kf3 71. Ne6 Re2 72. Nf4
Ra2 73. Ng6 Re2 74. Nf4 Re4 75. Nd3 Ke2 76. Nc5 Re7 77. Kg2 Ke3 78. Kh3 Kd4 79.
Na4 Rb7 80. g4 fxg4+ 81. Kxg4 Rb4 82. Kh5 Rxa4 83. Kxh6 Ke5 84. h5 Kf6 85. Kh7
Kg5 86. h6 Ra6 0-1

[Event "XIV MIEDZYNARODOWY FESTIWAL SZACHOWY PER"]
[Site "LAZY"]
[Date "2018.06.27"]
[Round "4.27"]
[White "Hampel, Anna"]
[Black "Wieczorek, Mikolaj"]
[Result "0-1"]
[WhiteElo "1728"]
[BlackElo "1726"]
[PlyCount "58"]
[EventDate "2018.??.??"]

1. e4 c5 2. Nf3 Nc6 3. Bb5 g6 4. O-O Bg7 5. c3 e5 6. Re1 Nge7 7. Na3 O-O 8. d4
cxd4 9. cxd4 exd4 10. Bg5 a6 11. Bf1 h6 12. Bf4 d5 13. e5 g5 14. Bg3 Ng6 15.
Bd3 Bg4 16. e6 f5 17. Qb3 Bxf3 18. gxf3 Nge5 19. Bxe5 Nxe5 20. Kg2 Qe7 21. Nc2
Ng6 22. Qb4 Nf4+ 23. Kf1 Qf6 24. Qb3 g4 25. fxg4 Qh4 26. Red1 Qxh2 27. Ke1 fxg4
28. Bf1 Nd3+ 29. Kd2 Rxf2+ 0-1

[Event "XIV MIEDZYNARODOWY FESTIWAL SZACHOWY PER"]
[Site "LAZY"]
[Date "2018.06.28"]
[Round "5.1"]
[White "Luba, Lukasz"]
[Black "Karpus, Michal"]
[Result "0-1"]
[WhiteElo "2094"]
[BlackElo "2364"]
[PlyCount "50"]
[EventDate "2018.??.??"]

1. d4 Nf6 2. c4 e6 3. a3 d5 4. c5 e5 5. dxe5 Ne4 6. b4 Nc6 7. g3 Nxe5 8. f3 Nf6
9. Bb2 Nc4 10. Bd4 Be6 11. e3 a5 12. Nc3 Be7 13. Bxc4 dxc4 14. Nge2 O-O 15. e4
b6 16. f4 Bh3 17. Kf2 Ng4+ 18. Kf3 f5 19. e5 axb4 20. axb4 bxc5 21. bxc5 Bxc5
22. Bxc5 Rxa1 23. Qxd8 Rxd8 24. Nc1 Rd2 25. N3e2 Rxc1 0-1

[Event "XIV MIEDZYNARODOWY FESTIWAL SZACHOWY PER"]
[Site "LAZY"]
[Date "2018.06.28"]
[Round "5.3"]
[White "Chomczyk, Marek"]
[Black "Kot, Jerzy"]
[Result "1-0"]
[WhiteElo "2247"]
[BlackElo "2028"]
[PlyCount "61"]
[EventDate "2018.??.??"]

1. e4 c5 2. Nf3 g6 3. d4 cxd4 4. Nxd4 Nf6 5. Nc3 Bg7 6. Be3 O-O 7. e5 Ne8 8. f4
d6 9. exd6 Nxd6 10. Qd2 Nc6 11. O-O-O Bd7 12. Rg1 Na5 13. Nb3 Bg4 14. Re1 Nxb3+
15. axb3 Qa5 16. Nb1 Qc7 17. Bd4 Bxd4 18. Qxd4 Rfc8 19. Nc3 b5 20. Bd3 Be6 21.
g4 a5 22. f5 Bxb3 23. fxg6 hxg6 24. Re5 b4 25. Rh5 f6 26. Nd5 Bxd5 27. Qxd5+
Kf8 28. Bxg6 Qc4 29. Rh8+ Kg7 30. Rh7+ Kf8 31. Qd2 1-0

[Event "XIV MIEDZYNARODOWY FESTIWAL SZACHOWY PER"]
[Site "LAZY"]
[Date "2018.06.28"]
[Round "5.4"]
[White "Krainski, Slawomir"]
[Black "Cieslak, Wiktoria"]
[Result "0-1"]
[WhiteElo "2136"]
[BlackElo "1931"]
[PlyCount "82"]
[EventDate "2018.??.??"]

1. Nf3 Nf6 2. c4 e6 3. g3 b6 4. Bg2 Bb7 5. O-O c5 6. Nc3 Be7 7. d4 d6 8. d5 e5
9. e4 O-O 10. h3 Ne8 11. Ne1 g6 12. Bh6 Ng7 13. f4 f5 14. fxe5 dxe5 15. exf5
Rxf5 16. Bxg7 Rxf1+ 17. Bxf1 Kxg7 18. Bg2 Bg5 19. Ne4 Be3+ 20. Kh2 Bd4 21. Nd3
Nd7 22. Qa4 Nf6 23. Nxf6 Kxf6 24. Rf1+ Kg7 25. b4 Qe8 26. Qd1 Rd8 27. bxc5 bxc5
28. Qb3 Bc8 29. Be4 Rd6 30. Qd1 Qd7 31. Bg2 Qe7 32. Qe2 Ba6 33. Nf2 Rb6 34. Ne4
Rb2 35. Qf3 Bxc4 36. d6 Qd8 37. Kh1 Bxf1 38. Bxf1 Qf8 39. Qd3 c4 40. Qd1 Qa8
41. Qe1 Bf2 0-1